[Event "Youth Classic 2017 - Youth Open U14"]
[Site "Hasselgrundhalle - Bad Soden a"]
[Date "2017.10.01"]
[Round "3.6"]
[White "Wisniewski, Niklas Lorenz"]
[Black "Lorenz, Alexander"]
[Result "0-1"]
[WhiteElo "1031"]
[BlackElo "1539"]
[PlyCount "64"]
[EventDate "2017.??.??"]
[WhiteTeam "SC Bad Soden"]
[BlackTeam "SV Bergwinkel"]

1. e4 c5 2. Bc4 d6 3. d3 Nf6 4. Nf3 Bd7 5. Nbd2 g6 6. O-O Bg7 7. Re1 Nc6 8. c3
O-O 9. Nf1 a6 10. a4 Bg4 11. Ne3 Ne5 12. Nxg4 Nfxg4 13. Nxe5 Nxe5 14. Bb3 e6
15. d4 cxd4 16. cxd4 Nc6 17. d5 exd5 18. exd5 Ne5 19. Bf4 Re8 20. Ra2 Qa5 21.
Bd2 Qc7 22. Ra1 Nd3 23. Rxe8+ Rxe8 24. Qc2 Qxc2 25. Bxc2 Nxb2 26. Re1 Rxe1+ 27.
Bxe1 Kf8 28. a5 Bf6 29. g3 Bd8 30. Bb3 Nd3 31. Bd2 Ne5 32. f4 Nf3+ 0-1

[Event "Youth Classic 2017 - Youth Open U14"]
[Site "Hasselgrundhalle - Bad Soden a"]
[Date "2017.10.01"]
[Round "3.7"]
[White "Gertel, Josef"]
[Black "Porstendörfer, Yannik"]
[Result "1-0"]
[WhiteElo "1253"]
[BlackElo "1231"]
[PlyCount "103"]
[EventDate "2017.??.??"]
[WhiteTeam "SC Frankfurt-West"]
[BlackTeam "SK Klingenberg"]

1. e4 c5 2. Nf3 Nc6 3. d3 g6 4. Nc3 Bg7 5. Be3 d6 6. Qd2 e6 7. a3 Rb8 8. d4 b6
9. Bb5 Bd7 10. Bxc6 Bxc6 11. d5 Bd7 12. Bg5 Nf6 13. Bh6 O-O 14. Bxg7 Kxg7 15.
O-O-O b5 16. b4 cxb4 17. axb4 a5 18. dxe6 Bxe6 19. Qxd6 Qxd6 20. Rxd6 axb4 21.
e5 Ng4 22. Ne4 Bf5 23. h3 Nxe5 24. Nxe5 Bxe4 25. f3 Bf5 26. g4 Be6 27. Rxe6
fxe6 28. Nd7 Rbd8 29. Nxf8 Rxf8 30. Rf1 e5 31. Kd2 e4 32. f4 Rc8 33. Rf2 Rc3
34. Re2 Rxh3 35. Rxe4 Rh2+ 36. Kc1 Rh4 37. g5 h5 38. gxh6+ Kxh6 39. Rxb4 g5 40.
fxg5+ Kxg5 41. Rxh4 Kxh4 42. Kb2 Kg5 43. Kb3 Kf6 44. Kb4 Ke7 45. Kxb5 Kd6 46.
Kb6 Kd5 47. Kb5 Kd6 48. c4 Kd7 49. Kb6 Kc8 50. Kc6 Kb8 51. Kd7 Kb7 52. c5 1-0

[Event "Youth Classic 2017 - Youth Open U14"]
[Site "Hasselgrundhalle - Bad Soden a"]
[Date "2017.10.01"]
[Round "3.8"]
[White "Werner, Rosalie"]
[Black "Fuchs, Henrik"]
[Result "1-0"]
[WhiteElo "1404"]
[BlackElo "988"]
[PlyCount "111"]
[EventDate "2017.??.??"]
[WhiteTeam "VSG Offenbach"]
[BlackTeam "SC Bad Soden"]

1. e4 e5 2. Nf3 Nc6 3. Bb5 a6 4. Bxc6 dxc6 5. d4 exd4 6. Qxd4 Qxd4 7. Nxd4 Nf6
8. O-O Bc5 9. c3 O-O 10. Re1 Re8 11. f3 Be6 12. Be3 Rad8 13. Nxe6 Bxe3+ 14.
Rxe3 Rxe6 15. Kf2 b5 16. Na3 c5 17. Nc2 c6 18. Rae1 a5 19. Ke2 Red6 20. Kf1 Rd2
21. R3e2 Rxe2 22. Kxe2 b4 23. Ne3 Nh5 24. g3 h6 25. Rd1 Rb8 26. Nc4 a4 27. Na5
bxc3 28. bxc3 Rb2+ 29. Rd2 Rb6 30. Nc4 Rb8 31. Rb2 Re8 32. Rb6 Re6 33. Na5 f5
34. Rxc6 Re5 35. Nc4 Re7 36. Rxc5 g6 37. e5 Ng7 38. f4 Ne8 39. Rc8 Kf7 40. Na5
Nc7 41. Nc6 Rd7 42. Rd8 Rxd8 43. Nxd8+ Ke7 44. Nb7 Nb5 45. Kd3 Ke6 46. Nc5+ Kd5
47. Nxa4 Na3 48. Nb6+ Kc5 49. Nd7+ Kb5 50. e6 Nc4 51. e7 Nd6 52. Nf6 Kc6 53.
e8=Q+ Nxe8 54. Nxe8 Kd7 55. Nf6+ Ke6 56. Nh7 1-0

[Event "Youth Classic 2017 - Youth Open U14"]
[Site "Hasselgrundhalle - Bad Soden a"]
[Date "2017.10.01"]
[Round "3.9"]
[White "Moldenhauer, Lennart"]
[Black "Paukstys, Andrius"]
[Result "1-0"]
[WhiteElo "1272"]
[BlackElo "975"]
[PlyCount "59"]
[EventDate "2017.??.??"]
[WhiteTeam "SV Oberursel"]
[BlackTeam "SC Bad Soden"]

1. e4 e5 2. Nf3 Nc6 3. d4 d6 4. dxe5 dxe5 5. Qxd8+ Nxd8 6. Nxe5 Bd6 7. Nc4 Ne7
8. Nxd6+ cxd6 9. Bf4 d5 10. exd5 Nxd5 11. Be5 Ne6 12. Bc4 Nb6 13. Bxe6 Bxe6 14.
Bxg7 Rg8 15. Be5 Nc4 16. Bg3 Nxb2 17. O-O Rd8 18. Re1 Rg5 19. Bh4 Rgd5 20. Bxd8
Rxd8 21. Nc3 a6 22. Rab1 Nc4 23. Rxb7 Nd6 24. Rbb1 a5 25. Nd5 Kf8 26. Rbd1 Re8
27. Nf6 Nc4 28. Nxe8 Kxe8 29. f4 f5 30. Rxe6+ 1-0

[Event "Youth Classic 2017 - Youth Open U14"]
[Site "Hasselgrundhalle - Bad Soden a"]
[Date "2017.10.01"]
[Round "3.10"]
[White "Edelmann, Viktor"]
[Black "Gräf, Jakob"]
[Result "0-1"]
[WhiteElo "999"]
[BlackElo "1268"]
[PlyCount "122"]
[EventDate "2017.??.??"]
[WhiteTeam "SC Frankfurt-West"]
[BlackTeam "SV Frankfurt Nord"]

1. e4 c6 2. d4 d5 3. e5 e6 4. Nf3 c5 5. c4 Nc6 6. Be3 cxd4 7. Bxd4 Nxd4 8. Qxd4
Qa5+ 9. Nc3 Bc5 10. Qg4 Qb6 11. O-O-O g6 12. Nd4 Ne7 13. b3 Bd7 14. Qf4 Nc6 15.
Nce2 O-O-O 16. Qd2 Nxe5 17. f3 Nc6 18. Qd3 Nb4 19. Qd2 e5 20. a3 Nc6 21. b4
Nxd4 22. bxc5 Nb3+ 23. Kc2 Nxd2 24. cxb6 Nxc4 25. bxa7 Kc7 26. Kb3 Nb6 27. Nc3
d4 28. Ne4 Ba4+ 29. Kb2 Bxd1 30. Bb5 Ra8 31. Rxd1 Rxa7 32. Rc1+ Kb8 33. Rc5 f5
34. Nd2 Ra5 35. Rxe5 Na4+ 36. Kb3 Nc3 37. Kb4 Rxb5+ 38. Rxb5 Nxb5 39. Kxb5 Rc8
40. Kb4 Rc6 41. Kb3 d3 42. h3 Rc2 43. Nb1 Rxg2 44. Kc3 Rg3 45. Kxd3 Rxf3+ 46.
Ke2 Rxh3 47. a4 Ka7 48. Kf2 Ka6 49. Kg2 Rb3 50. Nd2 Rb2 51. Kf3 Rxd2 52. Ke3
Ra2 53. Kd3 Rxa4 54. Kc3 f4 55. Kd2 Ra3 56. Ke2 g5 57. Kf2 g4 58. Kg2 Ra2+ 59.
Kf1 f3 60. Ke1 g3 61. Kd1 g2 0-1

[Event "Youth Classic 2017 - Youth Open U14"]
[Site "Hasselgrundhalle - Bad Soden a"]
[Date "2017.10.01"]
[Round "3.11"]
[White "Wu, Sifan"]
[Black "Edelmann, Anastasija"]
[Result "1-0"]
[WhiteElo "1264"]
[BlackElo "956"]
[PlyCount "77"]
[EventDate "2017.??.??"]
[WhiteTeam "SV Oberursel"]
[BlackTeam "SC Frankfurt-West"]

1. e4 e5 2. Nf3 Nc6 3. Bb5 Bd6 4. O-O Nf6 5. Nc3 Bb4 6. Bxc6 dxc6 7. Nxe5 Bxc3
8. bxc3 Nxe4 9. Re1 Bf5 10. f3 Qe7 11. fxe4 Qc5+ 12. d4 Qxc3 13. Be3 Bxe4 14.
Bf2 Bxc2 15. Qc1 O-O 16. Re2 Qa5 17. Qxc2 b6 18. Nxc6 Qg5 19. Rf1 h5 20. Re4
Qg6 21. Ne7+ Kh8 22. Nxg6+ fxg6 23. Bh4 Rxf1+ 24. Kxf1 Rf8+ 25. Kg1 c5 26. dxc5
bxc5 27. Qxc5 Rg8 28. Qxa7 Kh7 29. Re7 Kh8 30. Bg5 h4 31. h3 Ra8 32. Qxa8+ Kh7
33. Qb7 Kh8 34. a4 Kh7 35. a5 Kh8 36. a6 Kh7 37. a7 Kh8 38. a8=R+ Kh7 39. Rxg7#
1-0

[Event "Youth Classic 2017 - Youth Open U14"]
[Site "Hasselgrundhalle - Bad Soden a"]
[Date "2017.10.01"]
[Round "3.12"]
[White "Rahimova, Sarah"]
[Black "Porstendörfer, Eric"]
[Result "0-1"]
[WhiteElo "987"]
[BlackElo "1253"]
[PlyCount "148"]
[EventDate "2017.??.??"]
[WhiteTeam "SK Bad Homburg"]
[BlackTeam "SK Klingenberg"]

1. e4 e5 2. Nf3 Nc6 3. Bc4 Nf6 4. d3 h6 5. Nc3 Bc5 6. Be3 Bxe3 7. fxe3 O-O 8.
d4 d6 9. Qd2 Bg4 10. O-O-O Nxe4 11. Nxe4 d5 12. h3 Bh5 13. g4 Bg6 14. Nxe5 Nxe5
15. dxe5 Bxe4 16. Rhg1 dxc4 17. Qb4 Qg5 18. Qc5 Rfd8 19. Rge1 c6 20. Qxc4 Rxd1+
21. Kxd1 Rd8+ 22. Kc1 Bf3 23. Qc3 Re8 24. Rf1 Bd5 25. Rf5 Qh4 26. Rh5 Qf2 27.
b3 Be4 28. e6 Rxe6 29. Rc5 Rd6 30. Re5 Bxc2 31. Re8+ Kh7 32. Qxc2+ Qxc2+ 33.
Kxc2 Rd7 34. e4 Kg6 35. Re5 Kf6 36. Rf5+ Ke6 37. a4 Rd4 38. Rf4 f6 39. Kc3 Ke5
40. Rf5+ Kxe4 41. h4 Rd3+ 42. Kc4 a6 43. b4 Rd4+ 44. Kc3 Rd3+ 45. Kc4 Rg3 46.
b5 Rxg4 47. Rh5 Kf3+ 48. Kc5 Rxa4 49. bxc6 bxc6 50. Kxc6 Kg3 51. Rd5 Rxh4 52.
Ra5 h5 53. Kd7 g5 54. Ke6 Rf4 55. Rxa6 h4 56. Ra3+ Rf3 57. Rxf3+ Kxf3 58. Kxf6
h3 59. Kxg5 h2 60. Kf6 h1=Q 61. Ke5 Qh4 62. Kd5 Qf4 63. Ke6 Qg5 64. Kd6 Qf5 65.
Kc6 Qe5 66. Kb6 Qd5 67. Ka6 Qc5 68. Kb7 Qd6 69. Ka7 Qc6 70. Kb8 Qd7 71. Ka8 Ke4
72. Kb8 Kd5 73. Ka8 Kc6 74. Kb8 Qb7# 0-1

[Event "Youth Classic 2017 - Youth Open U14"]
[Site "Hasselgrundhalle - Bad Soden a"]
[Date "2017.10.01"]
[Round "3.13"]
[White "Boder, Finn"]
[Black "Goetz, Fenja"]
[Result "1/2-1/2"]
[WhiteElo "968"]
[BlackElo "1236"]
[PlyCount "68"]
[EventDate "2017.??.??"]
[WhiteTeam "SG Mörsdorf-Lahr"]
[BlackTeam "SK Bad Homburg"]

1. e4 c5 2. Nf3 Nc6 3. Bc4 g6 4. Nc3 Bg7 5. d3 d6 6. h3 Nf6 7. O-O O-O 8. Bf4
Bd7 9. Qd2 a6 10. a4 Nb4 11. Nd5 Nfxd5 12. Bxd5 Nxd5 13. exd5 Bxb2 14. Rab1 Bg7
15. Bh6 Rb8 16. Bxg7 Kxg7 17. Qc3+ Kg8 18. d4 Qc7 19. Rfe1 Rfe8 20. a5 Bf5 21.
g4 Bd7 22. Ng5 h6 23. Ne4 b6 24. axb6 Rxb6 25. Rxb6 Qxb6 26. dxc5 dxc5 27. Qxc5
Qxc5 28. Nxc5 Bb5 29. d6 exd6 30. Rxe8+ Bxe8 31. Nxa6 Kf8 32. Kg2 Ke7 33. Kf3
Bc6+ 34. Ke3 Bb5 1/2-1/2

[Event "Youth Classic 2017 - Youth Open U14"]
[Site "Hasselgrundhalle - Bad Soden a"]
[Date "2017.10.01"]
[Round "3.14"]
[White "Senko, Daniel"]
[Black "Samodurow, Georg"]
[Result "1-0"]
[WhiteElo "1229"]
[BlackElo "831"]
[PlyCount "31"]
[EventDate "2017.??.??"]
[WhiteTeam "SC Bad Soden"]
[BlackTeam "SC Bad Soden"]

1. e4 e5 2. Nf3 Nc6 3. d4 f6 4. Bc4 Nh6 5. O-O d6 6. Be3 f5 7. Nc3 g6 8. Bg5
Qd7 9. Nd5 Bg7 10. Bxh6 Qf7 11. Ng5 Qg8 12. Nxc7+ Kd7 13. Bxg8 Bxh6 14. Nxa8
Bxg5 15. Bd5 Nxd4 16. c3 1-0

[Event "Youth Classic 2017 - Youth Open U14"]
[Site "Hasselgrundhalle - Bad Soden a"]
[Date "2017.10.01"]
[Round "3.16"]
[White "Haller, Christian"]
[Black "Lassek, Bjarne"]
[Result "1-0"]
[WhiteElo "1047"]
[BlackElo "731"]
[PlyCount "81"]
[EventDate "2017.??.??"]
[WhiteTeam "SC Bad Soden"]
[BlackTeam "SC Nied"]

1. e4 e5 2. Nf3 Nc6 3. Bc4 Bc5 4. c3 Nf6 5. d4 exd4 6. cxd4 Bb4+ 7. Bd2 Bxd2+
8. Nbxd2 d5 9. exd5 Nxd5 10. O-O Be6 11. Re1 Qf6 12. Bxd5 Rd8 13. Bxe6 fxe6 14.
Nb3 e5 15. Rc1 Kf7 16. d5 Nd4 17. Nxe5+ Kg8 18. Qxd4 c6 19. Ng4 Qg5 20. h3 h6
21. Qxa7 cxd5 22. Qxb7 d4 23. Rc8 d3 24. Rxd8+ Qxd8 25. Rd1 Kh7 26. Qe4+ g6 27.
Qxd3 Qxd3 28. Rxd3 Ra8 29. a3 Re8 30. Nf6+ Kg7 31. Nxe8+ Kf7 32. Nd6+ Kf6 33.
a4 h5 34. a5 h4 35. a6 g5 36. a7 g4 37. a8=Q g3 38. Qf8+ Kg6 39. Qf7+ Kg5 40.
Rd5+ Kh6 41. Rh5# 1-0

[Event "Youth Classic 2017 - Youth Open U14"]
[Site "Hasselgrundhalle - Bad Soden a"]
[Date "2017.10.01"]
[Round "3.17"]
[White "Haller, Andreas"]
[Black "Moldenhauer, Nils"]
[Result "1-0"]
[WhiteElo "1033"]
[BlackElo "738"]
[PlyCount "55"]
[EventDate "2017.??.??"]
[WhiteTeam "SC Bad Soden"]
[BlackTeam "SV Oberursel"]

1. e4 e5 2. Nf3 Nc6 3. Bc4 Bc5 4. c3 Nf6 5. d4 exd4 6. cxd4 Bb4+ 7. Bd2 Bxd2+
8. Nbxd2 d6 9. d5 Ne7 10. O-O O-O 11. Re1 Bg4 12. h3 Bh5 13. Qb3 Rb8 14. e5 Nc8
15. exf6 Qxf6 16. Re2 Ne7 17. Rae1 Nf5 18. g4 Bg6 19. gxf5 Qxf5 20. Nh4 Qf6 21.
Nxg6 Qxg6+ 22. Qg3 Qc2 23. Nf3 Qxc4 24. b3 Qxd5 25. Re7 c5 26. Ng5 h6 27. Ne6
fxe6 28. Qxg7# 1-0

[Event "Youth Classic 2017 - Youth Open U14"]
[Site "Hasselgrundhalle - Bad Soden a"]
[Date "2017.10.01"]
[Round "3.18"]
[White "Albrecht, Edwin"]
[Black "Gärtner, Johannes"]
[Result "1/2-1/2"]
[WhiteElo "952"]
[BlackElo "878"]
[PlyCount "38"]
[EventDate "2017.??.??"]
[WhiteTeam "SC Bad Soden"]
[BlackTeam "SF Heidesheim"]

1. e4 e6 2. Nf3 d5 3. d3 c5 4. c3 Nc6 5. Be3 b6 6. Nbd2 Bd6 7. g3 Nge7 8. Bh3
O-O 9. O-O Bb7 10. Bg5 h6 11. exd5 exd5 12. Be3 Re8 13. Re1 Bc8 14. Bg2 Be6 15.
d4 c4 16. b3 b5 17. a3 Nf5 18. Qc2 Nxe3 19. Rxe3 a6 1/2-1/2

[Event "Youth Classic 2017 - Youth Open U14"]
[Site "Hasselgrundhalle - Bad Soden a"]
[Date "2017.10.01"]
[Round "3.20"]
[White "Wolf, Jonathan"]
[Black "Pfaff, Pawel"]
[Result "0-1"]
[WhiteElo "791"]
[BlackElo "1021"]
[PlyCount "42"]
[EventDate "2017.??.??"]
[WhiteTeam "SV Frankfurt Nord"]
[BlackTeam "SC Bad Soden"]

1. d4 d5 2. c4 e6 3. Nf3 Nf6 4. Bg5 h6 5. Bf4 Be7 6. a3 dxc4 7. e3 Nd5 8. h3
Nc6 9. Bxc4 Nxf4 10. exf4 O-O 11. O-O Na5 12. Ba2 Bd6 13. g3 Qf6 14. Qd2 Nc6
15. Nc3 Re8 16. Nb5 a6 17. Nxd6 cxd6 18. Rae1 e5 19. d5 Ne7 20. fxe5 Qxf3 21.
Qc1 Bxh3 0-1

[Event "Youth Classic 2017 - Youth Open U14"]
[Site "Hasselgrundhalle - Bad Soden a"]
[Date "2017.10.01"]
[Round "3.21"]
[White "Stapel, Max"]
[Black "Coskun, Eray"]
[Result "0-1"]
[WhiteElo "934"]
[BlackElo "795"]
[PlyCount "140"]
[EventDate "2017.??.??"]
[WhiteTeam "SC Flörsheim"]
[BlackTeam "SC Flörsheim"]

1. e4 e5 2. Nf3 Nc6 3. Bb5 Nf6 4. d3 Bc5 5. Bg5 O-O 6. Bxc6 dxc6 7. Nxe5 Qd4 8.
Ng4 Bxg4 9. Be3 Bxd1 10. Bxd4 Bxd4 11. Kxd1 Bxb2 12. e5 Bxa1 13. exf6 Bxf6 14.
Ke2 Rae8+ 15. Kf3 Re6 16. g3 Rfe8 17. Nd2 Bg5 18. Ne4 Bf6 19. Re1 b5 20. g4 c5
21. Ke2 Bc3 22. Kd1 Bxe1 23. Kxe1 c4 24. f3 a5 25. Kd2 cxd3 26. cxd3 b4 27. Nc5
Re2+ 28. Kc1 Re1+ 29. Kb2 R8e2+ 30. Kb3 Re5 31. d4 R5e3+ 32. Ka4 Ra3+ 33. Kb5
Rd1 34. Kc4 c6 35. Nb3 Rxa2 36. Kc5 Rc1+ 37. Nxc1 Rc2+ 38. Kb6 Rxc1 39. Kxa5
Rc4 40. Kb6 Rxd4 41. Kc5 Rd1 42. Kxb4 Rc1 43. Kb3 c5 44. Kb2 Rd1 45. Kc2 Rd8
46. Kc3 Rc8 47. Kc4 Kf8 48. h4 Ke7 49. f4 Kd6 50. f5 Re8 51. g5 Re4+ 52. Kd3
Rxh4 53. f6 c4+ 54. Kc3 gxf6 55. gxf6 Kc5 56. Kc2 Rh3 57. Kb2 Kb4 58. Kc2 c3
59. Kb1 Rh2 60. Kc1 Ka3 61. Kd1 c2+ 62. Kc1 Kb4 63. Kb2 c1=Q+ 64. Kxc1 Kc3 65.
Kd1 Ra2 66. Ke1 Kd3 67. Kf1 Ke3 68. Kg1 Kf3 69. Kh1 Kg3 70. Kg1 Ra1# 0-1

[Event "Youth Classic 2017 - Youth Open U14"]
[Site "Hasselgrundhalle - Bad Soden a"]
[Date "2017.10.01"]
[Round "3.22"]
[White "Murmann, Jonas"]
[Black "Li, Toplink"]
[Result "1-0"]
[WhiteElo "916"]
[BlackElo "767"]
[PlyCount "43"]
[EventDate "2017.??.??"]
[WhiteTeam "SG Mörsdorf-Lahr"]
[BlackTeam "Frankfurter TV"]

1. d4 d5 2. c4 e6 3. Nc3 Nf6 4. Bg5 Be7 5. Nf3 h6 6. Bh4 Nc6 7. e3 b6 8. Bd3
Bd7 9. O-O O-O 10. a3 Ng4 11. Bxe7 Qxe7 12. b4 a6 13. c5 e5 14. Nxd5 Qe6 15.
Nxc7 Qd6 16. cxd6 Ra7 17. dxe5 Ncxe5 18. Nxe5 Nxe5 19. Bxa6 Rd8 20. Qd4 f6 21.
Qxb6 Nc6 22. Rfc1 1-0

[Event "Youth Classic 2017 - Youth Open U14"]
[Site "Hasselgrundhalle - Bad Soden a"]
[Date "2017.10.01"]
[Round "3.23"]
[White "Politoukhin, Nikolaj"]
[Black "Nedilko, Marko"]
[Result "1-0"]
[WhiteElo "876"]
[BlackElo "753"]
[PlyCount "67"]
[EventDate "2017.??.??"]
[WhiteTeam "SC Flörsheim"]
[BlackTeam "SG Mörsdorf-Lahr"]

1. e4 e5 2. Nf3 Nc6 3. Nc3 Nf6 4. Bb5 d6 5. d4 Bd7 6. d5 Ne7 7. Be3 a6 8. Bxd7+
Qxd7 9. O-O O-O-O 10. Ng5 Ng6 11. Nf3 h6 12. h3 Be7 13. Qe2 Nf4 14. Bxf4 exf4
15. a4 Rdf8 16. b4 c6 17. Qc4 Kd8 18. b5 Ke8 19. bxc6 bxc6 20. dxc6 Qc8 21.
Rab1 Rfg8 22. c7 Nd7 23. Rb8 Nxb8 24. cxb8=Q Qxb8 25. Qxa6 f5 26. Qc6+ Kf8 27.
exf5 g6 28. fxg6 Rxg6 29. Ne5 Kg7 30. Nxg6 Kxg6 31. Qe4+ Kg7 32. Qxe7+ Kg8 33.
Re1 Qb4 34. Qe8+ $138 1-0

[Event "Youth Classic 2017 - Youth Open U14"]
[Site "Hasselgrundhalle - Bad Soden a"]
[Date "2017.10.01"]
[Round "3.24"]
[White "Litzinger, Jan"]
[Black "Reinmann, Paul"]
[Result "1-0"]
[WhiteElo "805"]
[BlackElo "744"]
[PlyCount "77"]
[EventDate "2017.??.??"]
[WhiteTeam "SC Flörsheim"]
[BlackTeam "SC Eschborn"]

1. e4 e5 2. Nf3 Nc6 3. Bc4 f6 4. O-O Nh6 5. d3 Bc5 6. c3 d6 7. b4 Bb6 8. a4 a5
9. Bb5 Ng4 10. h3 Nxf2 11. Rxf2 Bxf2+ 12. Kxf2 O-O 13. Bxc6 bxc6 14. d4 axb4
15. cxb4 d5 16. dxe5 dxe4 17. Qxd8 Rxd8 18. Nh4 Rd1 19. Nc3 Rd3 20. Nxe4 Rb8
21. Nf5 fxe5 22. Nc5 Rd5 23. Ne7+ Kf7 24. Nxd5 cxd5 25. Bd2 h6 26. a5 Rxb4 27.
Bxb4 g5 28. a6 Bd7 29. Nxd7 h5 30. Nxe5+ Ke6 31. Nf3 g4 32. hxg4 hxg4 33. Nh2
Kf5 34. a7 c5 35. Bxc5 Kf4 36. a8=Q g3+ 37. Kg1 gxh2+ 38. Kh1 Kg3 39. Qxd5 1-0

[Event "Youth Classic 2017 - Youth Open U14"]
[Site "Hasselgrundhalle - Bad Soden a"]
[Date "2017.10.01"]
[Round "4.1"]
[White "Boder, Jan"]
[Black "Gallasch, Jonas"]
[Result "0-1"]
[WhiteElo "1772"]
[BlackElo "1761"]
[PlyCount "90"]
[EventDate "2017.??.??"]
[WhiteTeam "SG Mörsdorf-Lahr"]
[BlackTeam "SG Porz"]

1. c4 Nf6 2. g3 c6 3. Bg2 d5 4. b3 dxc4 5. bxc4 Qd4 6. Nc3 Qxc4 7. Nf3 e6 8.
Bb2 Bb4 9. O-O O-O 10. a3 Be7 11. Rc1 Rd8 12. d3 Qa6 13. Na4 Nbd7 14. Ne5 Nd5
15. Nxd7 Bxd7 16. Qb3 b6 17. Nc3 Rac8 18. Rc2 Nxc3 19. Bxc3 c5 20. Qb2 Bf8 21.
f4 Ba4 22. Rcc1 Qb5 23. Qd2 c4 24. d4 Qd7 25. Bb2 Bb5 26. Rfe1 Ba6 27. e3 Bb7
28. Bc3 Bxg2 29. Qxg2 Bxa3 30. Ra1 Be7 31. Ra6 Rc7 32. Rea1 h6 33. Qa2 Rb8 34.
Rxa7 Rxa7 35. Qxa7 Qxa7 36. Rxa7 b5 37. Kf2 b4 38. Be1 b3 39. Bc3 Bb4 40. Bxb4
Rxb4 41. Ke2 c3 42. Kd1 c2+ 43. Kd2 b2 44. Ra8+ Kh7 45. Kxc2 b1=Q+ 0-1

[Event "Youth Classic 2017 - Youth Open U14"]
[Site "Hasselgrundhalle - Bad Soden a"]
[Date "2017.10.01"]
[Round "4.2"]
[White "Riemann, Jonas"]
[Black "Haack, Kevin"]
[Result "0-1"]
[WhiteElo "1689"]
[BlackElo "1655"]
[PlyCount "78"]
[EventDate "2017.??.??"]
[WhiteTeam "SK Bickenbach"]
[BlackTeam "SC Bad Soden"]

1. e4 c5 2. Nf3 d6 3. d4 cxd4 4. Nxd4 Nf6 5. Nc3 g6 6. Be3 Bg7 7. Bc4 O-O 8.
Bb3 Nc6 9. f3 Bd7 10. Qd2 Rc8 11. h4 Na5 12. O-O-O Nxb3+ 13. axb3 h5 14. Rdg1
a6 15. Nd5 Nxd5 16. exd5 Qc7 17. g4 hxg4 18. fxg4 e5 19. Ne2 f5 20. Nc3 fxg4
21. Bh6 Qc5 22. Rf1 Bf5 23. Bxg7 Kxg7 24. h5 gxh5 25. Qg5+ Bg6 26. Qe7+ Rf7 27.
Rxf7+ Bxf7 28. Qg5+ Bg6 29. Rf1 Kh7 30. Kb1 Qb6 31. Rf6 Rg8 32. Qd2 Qg1+ 33.
Ka2 g3 34. Rxd6 g2 35. Ne4 Qf1 36. Rd7+ Bf7 37. Ng5+ Kg6 38. Nxf7 g1=Q 39.
Nxe5+ Kf5 $138 0-1

[Event "Youth Classic 2017 - Youth Open U14"]
[Site "Hasselgrundhalle - Bad Soden a"]
[Date "2017.10.01"]
[Round "4.3"]
[White "Lorenz, Alexander"]
[Black "Hagner, Bennet"]
[Result "1/2-1/2"]
[WhiteElo "1539"]
[BlackElo "1680"]
[PlyCount "117"]
[EventDate "2017.??.??"]
[WhiteTeam "SV Bergwinkel"]
[BlackTeam "Frankfurter TV"]

1. e4 c6 2. d4 d5 3. Nc3 dxe4 4. Nxe4 Nf6 5. Nxf6+ exf6 6. Nf3 Bg4 7. Be2 Na6
8. c3 Nc7 9. O-O Bd6 10. Re1 O-O 11. Be3 Nd5 12. Bd2 Nf4 13. Bxf4 Bxf4 14. Nh4
f5 15. g3 Bg5 16. Bxg4 fxg4 17. Qxg4 h6 18. Nf5 g6 19. Ne3 f5 20. Qh3 Kh7 21.
f4 Bf6 22. Nc4 c5 23. dxc5 Qd5 24. Ne5 Rae8 25. Qg2 Qxc5+ 26. Kh1 Bxe5 27. Rxe5
Rxe5 28. fxe5 Rf7 29. e6 Re7 30. Rd1 Qe5 31. Qd5 Qxd5+ 32. Rxd5 Kg7 33. Rd7 Kf6
34. Kg2 Kxe6 35. Rxe7+ Kxe7 36. Kf2 Kd6 37. Ke3 Kd5 38. Kf4 b5 39. b3 a5 40.
Ke3 g5 41. h4 Kc5 42. Kd3 Kd5 43. Ke3 Ke5 44. hxg5 hxg5 45. c4 bxc4 46. bxc4 a4
47. a3 f4+ 48. gxf4+ gxf4+ 49. Kf3 Kd4 50. Kxf4 Kxc4 51. Ke4 Kc3 52. Ke3 Kc4
53. Ke4 Kb3 54. Kd3 Kxa3 55. Kc3 Ka2 56. Kc2 a3 57. Kc1 Ka1 58. Kc2 a2 59. Kc1
1/2-1/2

[Event "Youth Classic 2017 - Youth Open U14"]
[Site "Hasselgrundhalle - Bad Soden a"]
[Date "2017.10.01"]
[Round "4.4"]
[White "Werner, Tom"]
[Black "Gertel, Josef"]
[Result "1-0"]
[WhiteElo "1554"]
[BlackElo "1253"]
[PlyCount "99"]
[EventDate "2017.??.??"]
[WhiteTeam "VSG Offenbach"]
[BlackTeam "SC Frankfurt-West"]

1. c4 Nf6 2. Nc3 Nc6 3. Nf3 e6 4. g3 d5 5. cxd5 exd5 6. d4 Bd6 7. Bg2 Be6 8.
Ng5 O-O 9. O-O h6 10. Nf3 Qd7 11. a3 a6 12. e3 Bh3 13. Qc2 Bxg2 14. Kxg2 Rfe8
15. Nh4 g6 16. b4 b5 17. Bd2 Qe6 18. Rac1 Na7 19. Rfe1 Ne4 20. f3 Ng5 21. g4 h5
22. h3 Kg7 23. e4 Nh7 24. Nxd5 Rac8 25. Bf4 Bxf4 26. Nxf4 Qf6 27. Nf5+ Kh8 28.
Nd5 Qd8 29. Ng3 c6 30. Qc5 cxd5 31. Qxa7 Rxc1 32. Rxc1 h4 33. Ne2 dxe4 34. f4
e3 35. Qxf7 Rf8 36. Qe6 Rf6 37. Qxe3 Qd5+ 38. Qf3 Qxf3+ 39. Kxf3 Ng5+ 40. Kg2
Ne4 41. Rc8+ Kg7 42. Rd8 Rd6 43. Rxd6 Nxd6 44. Nc3 Nc4 45. a4 Nd6 46. axb5 Nxb5
47. Nxb5 axb5 48. Kf3 Kf6 49. Ke4 Ke6 50. f5+ 1-0

[Event "Youth Classic 2017 - Youth Open U14"]
[Site "Hasselgrundhalle - Bad Soden a"]
[Date "2017.10.01"]
[Round "4.5"]
[White "Schwegler, Jelena"]
[Black "Senko, Daniel"]
[Result "1-0"]
[WhiteElo "1462"]
[BlackElo "1229"]
[PlyCount "53"]
[EventDate "2017.??.??"]
[WhiteTeam "SK Bad Homburg"]
[BlackTeam "SC Bad Soden"]

1. e4 e5 2. Nf3 Nc6 3. d4 exd4 4. Nxd4 Nf6 5. Nxc6 bxc6 6. e5 Nd5 7. Bc4 Nb6 8.
Bb3 Ba6 9. Be3 g6 10. Nc3 Bg7 11. f4 Qe7 12. Qf3 O-O-O 13. O-O-O Rhe8 14. Bf2
Kb7 15. Rhe1 f6 16. Bh4 Qf8 17. Qf2 h6 18. exf6 Bxf6 19. Bxf6 Qxf6 20. Ne4 Rxe4
21. Rxe4 d5 22. Re3 Bc4 23. g3 Rd7 24. Rc3 Qd6 25. Bxc4 Nxc4 26. Rxc4 Qe7 27.
Ra4 1-0

[Event "Youth Classic 2017 - Youth Open U14"]
[Site "Hasselgrundhalle - Bad Soden a"]
[Date "2017.10.01"]
[Round "4.6"]
[White "Müller, Maurice-Pascal"]
[Black "Haller, Christian"]
[Result "1-0"]
[WhiteElo "1403"]
[BlackElo "1047"]
[PlyCount "27"]
[EventDate "2017.??.??"]
[WhiteTeam "SC Landskrone"]
[BlackTeam "SC Bad Soden"]

1. e4 e5 2. Nf3 Nc6 3. d4 exd4 4. Bc4 Nf6 5. Ng5 Ne5 6. Qxd4 Nxc4 7. Qxc4 d5 8.
exd5 Nxd5 9. Nc3 c6 10. O-O b5 11. Qxc6+ Bd7 12. Qxd5 Qf6 13. Qxa8+ Qd8 14.
Qxd8+ 1-0

[Event "Youth Classic 2017 - Youth Open U14"]
[Site "Hasselgrundhalle - Bad Soden a"]
[Date "2017.10.01"]
[Round "4.7"]
[White "Porstendörfer, Eric"]
[Black "Werner, Rosalie"]
[Result "0-1"]
[WhiteElo "1253"]
[BlackElo "1404"]
[PlyCount "64"]
[EventDate "2017.??.??"]
[WhiteTeam "SK Klingenberg"]
[BlackTeam "VSG Offenbach"]

1. e4 e6 2. d4 d5 3. e5 c5 4. Nf3 Nc6 5. Bb5 Bd7 6. O-O cxd4 7. Bxc6 bxc6 8.
Qxd4 Ne7 9. Nc3 Nf5 10. Qf4 h6 11. a3 c5 12. Qd2 Bc6 13. Qd1 d4 14. Na2 Qd5 15.
b4 g5 16. h3 Nh4 17. Nc3 Nxf3+ 18. Qxf3 Qxf3 19. gxf3 dxc3 20. Rd1 cxb4 21.
axb4 Bxf3 22. Rd3 Bd5 23. Rxc3 Bxb4 24. Rc7 O-O 25. Kh2 Be1 26. Be3 Bb4 27. Rg1
Ba5 28. Rd7 Kh7 29. f4 gxf4 30. Bxf4 Bc6 31. Re7 Bd8 32. Bxh6 Kxh6 0-1

[Event "Youth Classic 2017 - Youth Open U14"]
[Site "Hasselgrundhalle - Bad Soden a"]
[Date "2017.10.01"]
[Round "4.8"]
[White "Czinkota, Michael"]
[Black "Döhne, Vincent"]
[Result "1-0"]
[WhiteElo "1035"]
[BlackElo "1319"]
[PlyCount "37"]
[EventDate "2017.??.??"]
[WhiteTeam "SC Bad Soden"]
[BlackTeam "SC Hattersheim"]

1. e4 e5 2. Nf3 Nc6 3. Bc4 Bc5 4. c3 Nf6 5. d3 h6 6. O-O O-O 7. Nbd2 d6 8. Bb3
Bg4 9. h3 Bh5 10. Re1 b5 11. Nf1 Re8 12. Ng3 d5 13. exd5 Nxd5 14. Nxh5 b4 15.
d4 Bb6 16. Qd3 bxc3 17. bxc3 Nf6 18. Bxh6 gxh6 19. Qg6+ 1-0